Linux For Beginners (Record no. 65455)
[ view plain ]
| 000 -LEADER | |
|---|---|
| fixed length control field | 00339nam a2200145 4500 |
| 008 - FIXED-LENGTH DATA ELEMENTS--GENERAL INFORMATION | |
| fixed length control field | 260119b |||||||| |||| 00| 0 eng d |
| 020 ## - INTERNATIONAL STANDARD BOOK NUMBER | |
| International Standard Book Number | 9781496145093 |
| 082 ## - DEWEY DECIMAL CLASSIFICATION NUMBER | |
| Classification number | 005.432 CAN |
| 100 ## - MAIN ENTRY--PERSONAL NAME | |
| Personal name | Cannon Jason, |
| 245 ## - TITLE STATEMENT | |
| Title | Linux For Beginners |
| 260 ## - PUBLICATION, DISTRIBUTION, ETC. (IMPRINT) | |
| Place of publication, distribution, etc | New Delhi |
| Name of publisher, distributor, etc | Jason Cannon |
| Date of publication, distribution, etc | 2014 |
| 300 ## - PHYSICAL DESCRIPTION | |
| Extent | 196 |
| 650 ## - SUBJECT ADDED ENTRY--TOPICAL TERM | |
| Topical term or geographic name as entry element | BSc-CA |
| 942 ## - ADDED ENTRY ELEMENTS (KOHA) | |
| Item type | Reference |
| Withdrawn status | Lost status | Source of classification or shelving scheme | Damaged status | Not for loan | Collection code | Home library | Current library | Shelving location | Date acquired | Source of acquisition | Cost, normal purchase price | Total Checkouts | Full call number | Barcode | Date last seen | Koha item type | Public note |
|---|---|---|---|---|---|---|---|---|---|---|---|---|---|---|---|---|---|
| Dewey Decimal Classification | Under Graduation | School of Computer Applications | School of Computer Applications | Bachelor of Computer Applications | 19/01/2026 | Ao Enterprises | 4495.00 | 005.432 CAN | CA1425 | 19/01/2026 | Reference | Rack No.R12 Shelf No.10 | |||||
| Dewey Decimal Classification | Under Graduation | School of Computer Applications | School of Computer Applications | Bachelor of Computer Applications | 19/01/2026 | Ao Enterprises | 4495.00 | 005.432 CAN | CA1426 | 19/01/2026 | Circulation | Rack No.C10 Shelf No.08 |
